| 000 | 00480nam a2200181Ia 4500 | ||
|---|---|---|---|
| 003 | GCL | ||
| 008 | 140319s9999 xx 000 0 eng d | ||
| 040 |
_aGCL / _cGCL |
||
| 082 | 0 | 4 |
_a382 _bM I |
| 100 | 1 | _aMURKUSEN, IAMES R. | |
| 245 | 1 | 0 |
_aINTERNATIONAL TRADE: THEORY AND EVIDENCE / _cMURKUSEN, IAMES R. |
| 700 | 1 | _aMELVIN, IAMES R. | |
| 260 |
_a[S.N] : _bMC GRAW - HILL ، _c1995 |
||
| 300 | _a471 P | ||
| 650 | 0 | 4 | _aTRADE |
| 650 | 0 | 4 | _aINTERNATIONAL TRADE |
| 942 |
_2ddc _cBK |
||
| 999 |
_c23856 _d23856 |
||